00836 a2200229 450000500170000000800410001702000150005804000500007304100080012310000280013124501270015926000370028630000180032349000350034165000320037665000350040865000260044365000240046970000420049370000470053576500240058220180312141945.0131008s1995 ck ||||gr|||| 00| 0 spa d a9580423822 aCO-BoUCMbspacJose A. GerenadJose A. Gerena00aspa1 aNöstlinger, Christine10aUn marido para mamácChristine Nöstlinger ; traducción de Felipe Lanchas González y Martha Antonieta Nalus Fuentes c1995bNormaaBogotá (Colombia) a192 páginas aTorre de papelaTorre amarilla 7aDivorcioxLibros de lectura 7aLibros y lectura para niños  7aLiteratura austriaca  7aLiteratura juvenil 1 aLanchas González, Felipeetraductor1 aNalus Fuentes, Martha Antonietaetraductor tEin mann für mama